[Event "WYCC 2018 O14"]
[Site "Halkidiki"]
[Date "2018.10.27"]
[Round "8"]
[White "Naqopia, Giorgi"]
[Black "Soriano Quispe, Ivan Excender"]
[Result "1-0"]
[WhiteElo "1857"]
[BlackElo "2054"]
[Annotator "NA"]
[PlyCount "97"]
[EventDate "2018.10.20"]
[EventType "swiss"]
[EventCountry "GRE"]
[SourceTitle "playchess.com"]
[Source "ChessBase"]
[SourceQuality "1"]
[TimeControl "40/5400+30:1800+30"]

1. e4 {[%emt 0:00:00]} g6 {[%emt 0:00:00]} 2. d4 {[%emt 0:00:00]} Bg7 {[%emt 0:00:00]} 3. Nf3 {[%emt 0:00:00]} d6 {[%emt 0:00:25]} 4. Bc4 {[%emt 0:00:00]} e6 {[%emt 0:00:47]} 5. Bg5 {[%emt 0:01:04]} Ne7 {[%emt 0:00:51]} 6. Nc3 {[%emt 0:04:14]} a6 {[%emt 0:01:37]} 7. a4 {[%emt 0:00:53]} Nd7 {[%emt 0:05:39]} 8. Qd2 {[%emt 0:01:41]} h6 {[%emt 0:05:29]} 9. Be3 {[%emt 0:00:26]} b6 {[%emt 0:04:54]} 10. Bb3 {[%emt 0:08:02]} Bb7 {[%emt 0:03:08]} 11. h4 {[%emt 0:04:36]} Nf6 {[%emt 0:01:26]} 12. h5 {[%emt 0:07:10]} Nxe4 {[%emt 0:26:07]} 13. Nxe4 {[%emt 0:00:11]} Bxe4 {[%emt 0:00:04]} 14. hxg6 {[%emt 0:00:03]} Nxg6 {[%emt 0:05:11]} 15. O-O-O {[%emt 0:00:16]} Qf6 {[%emt 0:04:46]} 16. Ne1 {[%emt 0:07:17]} Ne7 {[%emt 0:12:06]} 17. f3 {[%emt 0:08:33]} Bb7 {[%emt 0:00:27]} 18. Nd3 {[%emt 0:06:46]} Nf5 {[%emt 0:03:07]} 19. Nf4 {[%emt 0:00:49]} Nxe3 {[%emt 0:05:25]} 20. Nh5 {[%emt 0:00:08]} Qg6 {[%emt 0:01:57]} 21. Qxe3 {[%emt 0:00:35]} O-O-O {[%emt 0:01:14]} 22. Bc4 {[%emt 0:05:34]} Bf8 {[%emt 0:02:49]} 23. Qe2 {[%emt 0:17:48]} Qg5+ {[%emt 0:00:46]} 24. Kb1 {[%emt 0:00:15]} a5 {[%emt 0:01:51]} 25. Ba6 {[%emt 0:07:04]} Kb8 {[%emt 0:01:34]} 26. Bxb7 {[%emt 0:00:07]} Kxb7 {[%emt 0:00:01]} 27. f4 {[%emt 0:00:18]} Qg6 {[%emt 0:00:35]} 28. d5 {[%emt 0:03:30]} exd5 {[%emt 0:01:21]} 29. Rxd5 {[%emt 0:02:34]} c6 {[%emt 0:00:34]} 30. Rd3 {[%emt 0:01:58]} d5 {[%emt 0:00:46]} 31. f5 {[%emt 0:01:12]} Qd6 {[%emt 0:03:39]} 32. Re1 {[%emt 0:04:03]} Qc7 {[%emt 0:01:53]} 33. Qf3 {[%emt 0:03:04]} Bc5 {[%emt 0:00:50]} 34. Ng7 {[%emt 0:01:10]} Rhg8 {[%emt 0:01:53]} 35. f6 {[%emt 0:00:11]} Bf8 {[%emt 0:01:12]} 36. Rde3 {[%emt 0:01:35]} Bc5 {[%emt 0:01:08]} 37. R3e2 {[%emt 0:00:47]} Kb8 {[%emt 0:00:23]} 38. Qf5 {[%emt 0:01:02]} Qc8 {[%emt 0:01:32]} 39. Qh5 {[%emt 0:00:00]} Bd4 {[%emt 0:00:00]} 40. Qxh6 {[%emt 0:00:00]} Qc7 {[%emt 0:00:00]} 41. Re7 {[%emt 0:05:54]} Qg3 {[%emt 0:26:03]} 42. Nf5 {[%emt 0:01:02]} Rg6 {[%emt 0:00:02]} 43. Nxg3 {[%emt 0:00:32]} Rxh6 {[%emt 0:00:05]} 44. Nf5 {[%emt 0:00:03]} Rxf6 {[%emt 0:00:50]} 45. Nxd4 {[%emt 0:00:06]} c5 {[%emt 0:00:04]} 46. Nb5 {[%emt 0:00:35]} Rg8 {[%emt 0:00:42]} 47. Rd7 {[%emt 0:01:50]} Re6 {[%emt 0:00:19]} 48. Rf1 {[%emt 0:00:12]} f6 {[%emt 0:00:18]} 49. Rh1 {[%emt 0:00:04]} 1-0

[Event "WYCC 2018 O14"]
[Site "Halkidiki"]
[Date "2018.10.28"]
[Round "9"]
[White "Raja Rithvik R"]
[Black "Cardoso Cardoso, Jose Gabriel"]
[Result "1/2-1/2"]
[WhiteElo "2421"]
[BlackElo "2313"]
[Annotator "TA"]
[PlyCount "123"]
[EventDate "2018.10.20"]
[EventType "swiss"]
[EventCountry "GRE"]
[SourceTitle "playchess.com"]
[Source "ChessBase"]
[SourceQuality "1"]

{[%evp 15,123,10,25,0,0,-7,-15,-18,-10,-12,-14,-8,0,-18,-9,-13,0,-22,-12,-17,-18,-32,-18,-18,-27,-49,-50,-40,-49,-41,-43,-68,0,0,0,12,26,0,0,0,0,0,9,0,43,42,57,52,48,52,128,134,170,151,147,143,133,137,175,42,125,122,132,132,116,73,116,48,48,20,24,-40,-45,-188,-183,-181,-102,-103,-100,-104,-96,-80,-72,-94,-8,-8,-8,-8,-8,-8,-8,-8,-8,-8,-8,-8,-8,-25,-8,-8,0,0,0,0,0,0,0,0,0,0]} 1. Nf3 Nf6 2. c4 e6 3. d4 d5 4. g3 Bb4+ 5. Bd2 Bd6 (5... Be7 6. Bg2 O-O 7. O-O Nbd7 8. Nc3 c6 9. Bf4 dxc4 10. e4 Re8 11. a4 b6 12. d5 exd5 13. exd5 Bb7 14. a5 bxa5 15. d6 Bf8 16. Nd2 Nd5 17. Nxd5 cxd5 18. Nxc4 dxc4 19. Bxb7 {½-½ (42) Nakamura,H (2777)-Karjakin,S (2773) Saint Louis 2018}) 6. Nc3 {E01: Catalan: Early deviations} O-O 7. Bg5 Be7 8. Bg2 Nbd7 {LiveBook: 10 Games} 9. cxd5 $146 ({Predecessor:} 9. O-O c6 10. Rc1 Nb6 11. c5 Nbd7 12. b4 b6 {½-½ (45) Fressinet,L (2651)-David,A (2563) Brest 2018}) 9... exd5 10. O-O c6 11. Rc1 h6 12. Bf4 Nh5 13. Bd2 Nhf6 14. Re1 Nb6 15. Qc2 Nc4 16. Rcd1 Nd6 17. Ne5 Bf5 18. Qc1 Nfe4 19. Bf4 Nxc3 20. Qxc3 a5 21. Qc1 a4 22. Nd3 {[%cal Be5d3,Bd3c5,Bc5e4,Be4c3][%mdl 32]} Nb5 23. Nc5 Ra7 (23... Re8 $15) 24. e4 $11 dxe4 25. Nxe4 {And now d5! would win.} Bb4 26. Bd2 (26. Re3 {seems wilder.} a3 27. d5 c5 28. bxa3 Rxa3 29. Nxc5 Nc3 30. Rf1) 26... Bxd2 27. Rxd2 Be6 28. Nc3 $36 {[%mdl 2048] White fights for an advantage.} Nc7 29. Re5 a3 30. bxa3 Qd6 31. a4 Rd8 32. Qb2 f6 (32... Rb8 $14) 33. Re1 $16 Nd5 {intending ...Nxc3.} 34. Ne4 Qf8 35. Nc5 Bf7 {[#]} 36. Rde2 $1 ({But not} 36. Nxb7 $2 Rb8 $19) 36... Rda8 37. h4 (37. Nd7 $18 Qc8 38. Bxd5 Qxd7 39. Bxf7+ Kxf7 40. Qb3+ Kf8 41. Qb4+ Kg8 42. Re7) 37... b6 (37... Qc8 $14) 38. Bxd5 $1 Bxd5 39. Qxb6 Qf7 40. Qb2 Qh5 41. Qc3 ({White should try} 41. Re3 $16) 41... g5 $14 42. Ne4 Rf8 $1 43. f3 ({Better is} 43. Qc5 $11 Rg7 44. Nc3 gxh4 45. Nxd5 Qxd5 46. Re8 Qxc5 47. dxc5) 43... f5 $15 44. g4 (44. Nd2 $15) 44... fxg4 $19 45. fxg4 Qxg4+ (45... Qxh4 $19 {aiming for ...Bxe4.} 46. Qg3 Rxa4 47. Qxh4 gxh4) 46. Qg3 $17 Qxg3+ 47. Nxg3 gxh4 48. Ne4 Rf3 49. Re3 Rxe3 ({Black should play} 49... Rf5 $17 50. a5 Rxa5) 50. Rxe3 $11 Rxa4 $17 {[%mdl 4096] Endgame Strongly threatening ...Kf7. KRB-KRN} 51. Nf6+ Kf7 52. Nxd5 cxd5 $11 {KR-KR} 53. Re5 $1 Rxd4 {[#] ...Rg4+ is the strong threat.} 54. a4 $1 {[%mdl 512]} Kf6 (54... Rxa4 55. Rxd5) 55. Rh5 Kg6 56. Re5 Rd2 57. a5 {The position is equal.} h3 {[%cal Bh4h3,Bh3h2][%mdl 32]} 58. a6 h2+ 59. Kh1 Kf6 60. a7 Ra2 61. Rxd5 Rxa7 62. Kxh2 {Precision: White = 55%, Black = 45%.} 1/2-1/2

[Event "WYCC 2018 O14"]
[Site "Halkidiki"]
[Date "2018.10.28"]
[Round "9"]
[White "Pogosyan, Stefan"]
[Black "Torngren, Gustav"]
[Result "1-0"]
[WhiteElo "2373"]
[BlackElo "2107"]
[Annotator "TA"]
[PlyCount "67"]
[EventDate "2018.10.20"]
[EventType "swiss"]
[EventCountry "GRE"]
[SourceTitle "playchess.com"]
[Source "ChessBase"]
[SourceQuality "1"]

{[%evp 21,67,14,86,90,101,89,135,132,116,66,96,72,137,140,137,137,449,449,449,449,447,447,447,434,445,431,1038,299,220,196,237,231,285,287,287,291,356,163,360,354,361,363,368,368,366,350,404,401]} 1. d4 Nf6 2. c4 c5 3. d5 e6 4. Nf3 exd5 5. cxd5 d6 6. Nc3 g6 7. e4 Bg7 8. Bd3 O-O 9. h3 Re8 10. O-O Na6 11. Bf4 {A70: Modern Benoni: 6 e4 g6 7 Nf3} (11. Re1 Nc7 12. Bf4 a6 13. a4 Rb8 14. Bh2 Bf8 15. e5 Nfxd5 16. Nxd5 Nxd5 17. Bc4 Nb6 18. Ba2 d5 19. a5 Nc4 {0-1 (39) Wang,Y (2690)-Jobava,B (2690) Riadh 2017}) 11... Nc7 {LiveBook: 3 Games} (11... c4 $1 $11 {keeps the balance.} 12. Bc2 (12. Bxc4 Nxe4 13. Re1 Bf5 $11) 12... Nc5) 12. a4 $16 b6 13. Nd2 {White is better.} Rb8 14. Nc4 Bf8 15. Re1 a6 16. Qf3 {Strongly threatening Bg5.} Nh5 $146 (16... b5 $142 17. Na5 Bd7) ({Predecessor:} 16... b5 17. axb5 axb5 18. Nxd6 Bxd6 {1-0 (29) Toefferl,H (2205)-Desoye,G St Veit 1995}) 17. e5 $36 {[%cal Be4e5,Be5d6][%mdl 2080] aiming for Bh2. Keeping Black busy.} Nxf4 18. Qxf4 {[%cal Rc4d6]} Bb7 $2 {[%mdl 8192] [#]} (18... dxe5 $16 {is tougher.} 19. Nxe5 Rxe5 20. Qxe5 Bd6) 19. Nxd6 $18 Bxd6 20. exd6 Rxe1+ 21. Rxe1 Nxd5 22. Nxd5 Bxd5 23. Bxa6 Bc6 (23... Qd7 $142 24. Bb5 Qf5) 24. Bc4 $2 {[#]} (24. Re7 Qf8 25. Bc4) 24... Rb7 25. b3 Rd7 26. Rd1 Qa8 27. f3 Qf8 28. Qe5 Qg7 29. Qe8+ Qf8 30. Bxf7+ Kg7 31. Qxf8+ Kxf8 32. Be6 Rd8 33. Kf2 Kg7 34. d7 {Precision: White = 73%, Black = 27%.} 1-0

[Event "WYCC 2018 O14"]
[Site "Halkidiki"]
[Date "2018.10.28"]
[Round "9"]
[White "Stoyanov, Tsvetan"]
[Black "Trifan, Andrei Ioan"]
[Result "1/2-1/2"]
[WhiteElo "2340"]
[BlackElo "2290"]
[Annotator "NA"]
[PlyCount "84"]
[EventDate "2018.10.20"]
[EventType "swiss"]
[EventCountry "GRE"]
[SourceTitle "playchess.com"]
[Source "ChessBase"]
[SourceQuality "1"]
[TimeControl "40/5400+30:1800+30"]

1. e4 {[%emt 0:00:00]} e5 {[%emt 0:00:05]} 2. Nf3 {[%emt 0:00:00]} Nc6 {[%emt 0:00:29]} 3. d4 {[%emt 0:00:00]} exd4 {[%emt 0:00:54]} 4. Nxd4 {[%emt 0:00:06]} Bc5 {[%emt 0:00:46]} 5. Nxc6 {[%emt 0:00:16]} Qf6 {[%emt 0:03:19]} 6. Qf3 {[%emt 0:00:20]} dxc6 {[%emt 0:04:12]} 7. Nc3 {[%emt 0:03:08]} Be6 {[%emt 0:06:29]} 8. Qg3 {[%emt 0:02:34]} O-O-O {[%emt 0:08:56]} 9. Be3 {[%emt 0:00:50]} Bxe3 {[%emt 0:12:25]} 10. Qxe3 {[%emt 0:00:11]} Qd4 {[%emt 0:02:07]} 11. Qxd4 {[%emt 0:02:56]} Rxd4 {[%emt 0:01:10]} 12. Bd3 {[%emt 0:03:33]} Nf6 {[%emt 0:03:33]} 13. f3 {[%emt 0:08:15]} Nd7 $11 {[%emt 0:07:33]} 14. Ne2 {[%emt 0:11:52]} Rd6 {[%emt 0:03:44]} 15. Nf4 {[%emt 0:03:39]} Ne5 {[%emt 0:03:28]} 16. b3 {[%emt 0:07:33]} Bd7 {[%emt 0:06:10]} 17. h4 {[%emt 0:02:54]} f5 {[%emt 0:05:37]} 18. Ke2 {[%emt 0:06:52]} Rf8 {[%emt 0:02:38]} 19. Ke3 {[%emt 0:01:40]} c5 {[%emt 0:04:23]} 20. Rad1 {[%emt 0:11:24]} c4 {[%emt 0:04:21]} 21. Be2 {[%emt 0:05:23]} Rxd1 {[%emt 0:01:10]} 22. Rxd1 {[%emt 0:02:17]} fxe4 {[%emt 0:00:30]} 23. fxe4 {[%emt 0:02:25]} cxb3 {[%emt 0:00:36]} 24. axb3 {[%emt 0:04:18]} Re8 {[%emt 0:00:42]} 25. Ra1 {[%emt 0:03:40]} a6 {[%emt 0:01:05]} 26. Ra5 {[%emt 0:01:11]} Bc6 {[%emt 0:04:35]} 27. Bf3 {[%emt 0:01:59]} Nf7 {[%emt 0:02:33]} 28. Nh5 {[%emt 0:01:35]} Rg8 {[%emt 0:03:38]} 29. Rf5 {[%emt 0:02:53]} Nd6 {[%emt 0:01:18]} 30. Rg5 {[%emt 0:00:47]} g6 {[%emt 0:01:00]} 31. Nf6 {[%emt 0:01:28]} Rf8 {[%emt 0:01:33]} 32. Ng4 {[%emt 0:04:51]} Re8 {[%emt 0:01:54]} 33. Re5 {[%emt 0:01:35]} Rf8 {[%emt 0:01:00]} 34. h5 {[%emt 0:01:04]} Kd8 {[%emt 0:01:06]} 35. hxg6 {[%emt 0:00:55]} hxg6 {[%emt 0:00:02]} 36. Re6 {[%emt 0:01:20]} Be8 {[%emt 0:01:04]} 37. Ne5 {[%emt 0:01:23]} Rg8 {[%emt 0:00:34]} 38. Kf4 {[%emt 0:00:39]} g5+ {[%emt 0:00:16]} 39. Kg4 {[%emt 0:00:50]} Nb5 {[%emt 0:01:04]} 40. Rh6 {[%emt 0:00:00]} Nd4 {[%emt 0:00:00]} 41. Bd1 {[%emt 0:07:07]} a5 {[%emt 0:05:15]} 42. Rh3 {[%emt 0:10:18]} Nc6 {[%emt 0:03:23]} 1/2-1/2

[Event "WYCC 2018 O14"]
[Site "Halkidiki"]
[Date "2018.10.28"]
[Round "9"]
[White "Vettese, Nicholas"]
[Black "Marn, Jan"]
[Result "1/2-1/2"]
[WhiteElo "2338"]
[BlackElo "2125"]
[Annotator "NA"]
[PlyCount "115"]
[EventDate "2018.10.20"]
[EventType "swiss"]
[EventCountry "GRE"]
[SourceTitle "playchess.com"]
[Source "ChessBase"]
[SourceQuality "1"]
[TimeControl "40/5400+30:1800+30"]

1. e4 {[%emt 0:00:00]} e5 {[%emt 0:00:00]} 2. Nf3 {[%emt 0:00:00]} Nc6 {[%emt 0:00:00]} 3. Nc3 {[%emt 0:00:00]} Nf6 {[%emt 0:00:07]} 4. d4 {[%emt 0:00:03]} exd4 {[%emt 0:00:13]} 5. Nxd4 {[%emt 0:00:10]} Bb4 {[%emt 0:00:14]} 6. Nxc6 {[%emt 0:00:11]} bxc6 {[%emt 0:00:03]} 7. Bd3 {[%emt 0:00:13]} O-O {[%emt 0:00:10]} 8. O-O {[%emt 0:00:08]} d5 {[%emt 0:00:02]} 9. exd5 {[%emt 0:00:13]} cxd5 {[%emt 0:00:07]} 10. h3 {[%emt 0:00:07] C47: Scotch Four Knights and Four Knights with 4 g3} c6 {[%emt 0:07:23]} 11. Qf3 {[%emt 0:00:11]} h6 {[%emt 0:01:01]} (11... Bd6 12. Bf4 Be6 13. Rfe1 Bxf4 14. Qxf4 Qb8 15. Qxb8 Raxb8 16. Na4 Nd7 17. b3 c5 {½-½ (35) Nakamura,H (2777)-So,W (2780) Saint Louis 2018}) 12. Bf4 {[%emt 0:02:49]} Bd6 {[%emt 0:00:28]} 13. Na4 {[%emt 0:00:49]} Qc7 $146 {[%emt 0:07:59]} ({Predecessor:} 13... Rb8 14. c4 Be6 15. Rfd1 Qc7 16. Bxd6 Qxd6 17. b3 Rbd8 18. cxd5 Bxd5 19. Qe3 Rd7 {½-½ (41) Kaufman,L (2400)-Sasikiran,K (2470) Hampstead 1998}) 14. Bxh6 {[%emt 0:05:53]} Ne4 {[%emt 0:00:53]} 15. Bc1 {[%emt 0:12:19]} f5 {[%emt 0:02:36]} 16. Rd1 {[%emt 0:07:17]} Bh2+ {[%emt 0:04:55]} 17. Kh1 {[%emt 0:05:32]} Be5 {[%emt 0:00:09]} 18. c4 {[%emt 0:10:08]} Qa5 {[%emt 0:30:18]} 19. Bc2 {[%emt 0:02:34]} Ba6 {[%emt 0:01:03]} 20. cxd5 $16 {[%emt 0:03:32]} cxd5 21. Bf4 {[%emt 0:04:43]} Bxf4 {[%emt 0:08:44]} 22. Qxf4 {[%emt 0:00:23]} Rac8 23. Nc3 {[%emt 0:11:21]} Nxc3 {[%emt 0:08:41]} 24. bxc3 {[%emt 0:00:10]} Qxc3 {[%emt 0:00:48]} 25. Rac1 Bc4 {[%emt 0:13:21]} 26. Bd3 {[%emt 0:09:32]} Qb2 {[%emt 0:05:09]} 27. Rc2 {[%emt 0:00:15]} Qb5 {[%emt 0:03:34]} 28. Rdc1 {[%emt 0:03:47]} Qa6 {[%emt 0:03:46]} 29. Rxc4 {[%emt 0:01:54]} dxc4 {[%emt 0:00:18]} 30. Bxc4+ {[%emt 0:00:06]} Rxc4 {[%emt 0:00:03]} 31. Qxc4+ {[%emt 0:00:09]} Qxc4 {[%emt 0:00:03]} 32. Rxc4 {[%emt 0:00:07]} Re8 {[%emt 0:00:17]} 33. Rc7 {[%emt 0:00:38]} Re2 {[%emt 0:01:25]} 34. Rxa7 {[%emt 0:00:06]} Rxf2 {[%emt 0:00:07]} 35. Kg1 {[%emt 0:00:34]} Rb2 {[%emt 0:00:47]} 36. a4 {[%emt 0:03:07]} Ra2 {[%emt 0:02:27]} 37. a5 {[%emt 0:01:00]} f4 {[%emt 0:00:28]} 38. a6 {[%emt 0:00:35]} Kh7 {[%emt 0:00:29]} 39. Ra8 {[%emt 0:02:03]} Kg6 {[%emt 0:00:40]} 40. a7 {[%emt 0:00:00]} Kf7 {[%emt 0:00:00]} 41. h4 Kg6 {[%emt 0:01:57]} 42. h5+ {[%emt 0:04:51]} Kh7 {[%emt 0:00:23]} 43. Kf1 {[%emt 0:00:50]} Ra6 {[%emt 0:07:10]} 44. Ke2 {[%emt 0:05:31]} Ra3 {[%emt 0:01:30]} 45. Kf2 {[%emt 0:02:06]} Ra2+ {[%emt 0:00:07]} 46. Kf3 {[%emt 0:00:15]} Ra4 {[%emt 0:00:05]} 47. Kg4 {[%emt 0:02:27]} Ra5 {[%emt 0:00:14]} 48. Kxf4 {[%emt 0:01:25]} Ra4+ {[%emt 0:00:31]} 49. Ke5 {[%emt 0:02:45]} Ra5+ {[%emt 0:00:07]} 50. Ke6 {[%emt 0:02:08]} g6 {[%emt 0:00:33]} 51. h6 {[%emt 0:04:24]} Ra1 {[%emt 0:00:39]} 52. g4 {[%emt 0:01:11]} Re1+ {[%emt 0:01:00]} 53. Kd5 {[%emt 0:02:13]} Rd1+ {[%emt 0:00:09]} 54. Ke4 {[%emt 0:01:04]} Re1+ {[%emt 0:00:10]} 55. Kf3 {[%emt 0:00:26]} Rf1+ {[%emt 0:00:07]} 56. Kg2 {[%emt 0:00:28]} Ra1 {[%emt 0:00:05]} 57. g5 {[%emt 0:00:20]} Rg1+ {[%emt 0:00:06]} 58. Kxg1 {[%emt 0:01:29]} 1/2-1/2

[Event "WYCC 2018 O14"]
[Site "Halkidiki"]
[Date "2018.10.28"]
[Round "9"]
[White "Huang, Renjie"]
[Black "Bjerre, Jonas Buhl"]
[Result "1/2-1/2"]
[WhiteElo "2322"]
[BlackElo "2438"]
[Annotator "TA"]
[PlyCount "41"]
[EventDate "2018.10.20"]
[EventType "swiss"]
[EventCountry "GRE"]
[SourceTitle "playchess.com"]
[Source "ChessBase"]
[SourceQuality "1"]

{[%evp 20,41,6,0,17,5,3,6,34,0,12,14,23,16,22,0,0,0,0,0,0,0,0,-22]} 1. e4 c5 2. Nf3 d6 3. d4 cxd4 4. Nxd4 Nf6 5. Nc3 a6 6. Bg5 Nbd7 7. Bc4 Qb6 {B94: Sicilian Najdorf: 6 Bg5 Nbd7} (7... h6 8. Bh4 g6 9. Qe2 Bg7 10. O-O-O O-O 11. Bb3 Qc7 12. Kb1 Rb8 13. f4 e5 14. fxe5 dxe5 15. Nf3 b5 16. g4 {1-0 (61) Nepomniachtchi,I (2751)-Korobov,A (2678) Poikovsky 2018}) 8. Bb3 e6 9. O-O Be7 10. Kh1 Nc5 11. Qe2 {LiveBook: 10 Games} O-O 12. f4 {[#] e5 is the strong threat.} h6 13. Bh4 {Hoping for e5.} Nxb3 14. Nxb3 {And now e5 would win.} Qc7 15. e5 Ne8 $146 ({Predecessor:} 15... dxe5 16. fxe5 {½-½ (23) Freeman,M (2517)-Mrkvicka,J (2436) ICCF email 2011}) 16. Bxe7 Qxe7 {The position is equal.} 17. exd6 Nxd6 18. f5 {Strongly threatening f6!} Qf6 19. Rad1 Nxf5 20. g4 b6 21. gxf5 1/2-1/2

[Event "WYCC 2018 O14"]
[Site "Halkidiki"]
[Date "2018.10.28"]
[Round "9"]
[White "Tanriverdi, Enes"]
[Black "Wang, Alex"]
[Result "1/2-1/2"]
[WhiteElo "2317"]
[BlackElo "2076"]
[Annotator "NA"]
[PlyCount "201"]
[EventDate "2018.10.20"]
[EventType "swiss"]
[EventCountry "GRE"]
[SourceTitle "playchess.com"]
[Source "ChessBase"]
[SourceQuality "1"]
[TimeControl "40/5400+30:1800+30"]

1. d4 {[%emt 0:00:00]} Nf6 {[%emt 0:00:00]} 2. c4 {[%emt 0:00:00]} g6 {[%emt 0:00:00]} 3. Nc3 {[%emt 0:00:00]} Bg7 {[%emt 0:00:00]} 4. e4 {[%emt 0:00:00]} d6 {[%emt 0:00:00]} 5. Be2 {[%emt 0:00:00]} O-O {[%emt 0:00:00]} 6. Be3 {[%emt 0:00:02]} e5 {[%emt 0:00:18]} 7. d5 {[%emt 0:00:05]} a5 {[%emt 0:00:43]} 8. g4 {[%emt 0:00:05]} Na6 {[%emt 0:00:56]} 9. g5 {[%emt 0:00:58]} Nd7 {[%emt 0:00:56]} 10. h4 {[%emt 0:00:05]} Ndc5 {[%emt 0:00:56]} 11. h5 {[%emt 0:00:06]} c6 {[%emt 0:00:16]} 12. f3 {[%emt 0:02:58]} Bd7 {[%emt 0:04:44]} 13. Nh3 {[%emt 0:16:48]} cxd5 {[%emt 0:02:43]} 14. cxd5 {[%emt 0:00:34]} a4 {[%emt 0:03:40]} 15. Qd2 {[%emt 0:07:14]} Qe8 {[%emt 0:10:54]} 16. Nf2 $11 {[%emt 0:01:49]} b5 {[%emt 0:08:02]} 17. hxg6 {[%emt 0:30:42]} fxg6 {[%emt 0:03:19]} 18. Rd1 {[%emt 0:01:27]} Qb8 {[%emt 0:31:15]} 19. Kf1 {[%emt 0:01:21]} Qb7 {[%emt 0:04:27]} 20. Kg2 {[%emt 0:01:28]} Rac8 {[%emt 0:00:20]} 21. Rh4 {[%emt 0:03:11]} Rf7 {[%emt 0:05:20]} 22. Rdh1 {[%emt 0:00:24]} Bf8 {[%emt 0:00:24]} 23. Bd1 {[%emt 0:02:23]} b4 {[%emt 0:03:16]} 24. Ne2 {[%emt 0:00:11]} Nc7 {[%emt 0:00:05]} 25. Ng3 {[%emt 0:04:00]} b3 {[%emt 0:03:59]} 26. a3 {[%emt 0:00:46]} Nb5 {[%emt 0:00:43]} 27. Nf1 {[%emt 0:03:40]} Nxa3 {[%emt 0:01:20]} 28. bxa3 {[%emt 0:02:14]} b2 {[%emt 0:00:03]} 29. Bc2 {[%emt 0:00:03]} Nb3 {[%emt 0:06:53]} 30. Qd1 {[%emt 0:00:33]} Nd4 {[%emt 0:00:32]} 31. Bb1 {[%emt 0:03:53]} Nxf3 {[%emt 0:00:38]} 32. R4h3 {[%emt 0:04:46]} Bxh3+ {[%emt 0:01:23]} 33. Rxh3 {[%emt 0:00:07]} Nd4 {[%emt 0:00:43]} 34. Bxd4 {[%emt 0:08:20]} Rc1 {[%emt 0:03:10]} 35. Qd3 {[%emt 0:00:06]} exd4 {[%emt 0:00:06]} 36. Nd2 {[%emt 0:03:48]} Bg7 {[%emt 0:01:44]} 37. Qe2 {[%emt 0:02:13]} Rfc7 {[%emt 0:01:18]} 38. Nd3 {[%emt 0:00:20]} R7c3 {[%emt 0:01:33]} 39. Qg4 {[%emt 0:01:47]} Qe7 {[%emt 0:01:44]} 40. e5 {[%emt 0:00:00]} dxe5 {[%emt 0:00:00]} 41. d6 {[%emt 0:01:30]} Qxd6 {[%emt 0:23:06]} 42. Qh4 {[%emt 0:00:31]} Qd5+ {[%emt 0:01:51]} 43. Ne4 {[%emt 0:06:54]} R3c2+ {[%emt 0:05:02]} 44. Ndf2 {[%emt 0:07:26]} Rxb1 {[%emt 0:00:16]} 45. Qxh7+ {[%emt 0:00:12]} Kf8 {[%emt 0:00:02]} 46. Rf3+ {[%emt 0:00:47]} Ke8 {[%emt 0:00:12]} 47. Qxg6+ {[%emt 0:02:36]} Kd8 {[%emt 0:00:04]} 48. Qxg7 {[%emt 0:01:46]} Rg1+ {[%emt 0:02:10]} 49. Kxg1 {[%emt 0:02:48]} b1=Q+ {[%emt 0:00:04]} 50. Kh2 {[%emt 0:00:05]} Qd7 {[%emt 0:01:29]} 51. Rf8+ {[%emt 0:00:40]} Kc7 {[%emt 0:00:05]} 52. Rf7 {[%emt 0:01:39]} Qbb5 {[%emt 0:01:35]} 53. g6 {[%emt 0:00:11]} d3 {[%emt 0:01:33]} 54. Rxd7+ {[%emt 0:01:08]} Qxd7 {[%emt 0:00:01]} 55. Qxd7+ {[%emt 0:00:17]} Kxd7 {[%emt 0:00:03]} 56. g7 {[%emt 0:00:05]} Rc8 {[%emt 0:01:21]} 57. g8=Q {[%emt 0:00:15]} Rxg8 {[%emt 0:00:06]} 58. Nf6+ {[%emt 0:00:03]} Ke6 {[%emt 0:00:25]} 59. Nxg8 {[%emt 0:00:05]} Kd5 {[%emt 0:00:31]} 60. Nf6+ {[%emt 0:07:26]} Kc4 {[%emt 0:00:08]} 61. N6e4 {[%emt 0:00:09]} Kb3 {[%emt 0:00:09]} 62. Nxd3 {[%emt 0:00:32]} Kxa3 {[%emt 0:00:04]} 63. Nec5 {[%emt 0:00:17]} e4 {[%emt 0:00:25]} 64. Nxe4 {[%emt 0:00:36]} Kb3 {[%emt 0:00:03]} 65. Ndc5+ {[%emt 0:00:10]} Kc2 {[%emt 0:00:05]} 66. Nxa4 {[%emt 0:00:18]} Kd3 {[%emt 0:00:21]} 67. Nac5+ {[%emt 0:00:04]} Ke3 {[%emt 0:00:05]} 68. Kg3 {[%emt 0:00:03]} Kd4 {[%emt 0:00:06]} 69. Kf4 {[%emt 0:00:04]} Kd5 {[%emt 0:00:05]} 70. Kf5 {[%emt 0:00:21]} Kd4 {[%emt 0:00:04]} 71. Nd7 {[%emt 0:00:10]} Kd5 {[%emt 0:00:05]} 72. Nf8 {[%emt 0:00:08]} Kd4 {[%emt 0:00:05]} 73. Ne6+ {[%emt 0:00:08]} Kd5 {[%emt 0:00:03]} 74. Nf6+ {[%emt 0:00:05]} Kd6 {[%emt 0:00:10]} 75. Nf4 {[%emt 0:00:05]} Kc5 {[%emt 0:00:13]} 76. Ke5 {[%emt 0:00:07]} Kc4 {[%emt 0:00:03]} 77. Ne4 {[%emt 0:00:03]} Kb5 {[%emt 0:00:54]} 78. Kd5 {[%emt 0:00:13]} Kb4 {[%emt 0:00:03]} 79. Nd3+ {[%emt 0:00:05]} Kb3 {[%emt 0:00:51]} 80. Kd4 {[%emt 0:00:08]} Kc2 {[%emt 0:00:04]} 81. Ndc5 {[%emt 0:00:29]} Kb2 {[%emt 0:01:57]} 82. Kd3 {[%emt 0:00:06]} Kc1 {[%emt 0:00:10]} 83. Nc3 {[%emt 0:00:41]} Kb2 {[%emt 0:00:03]} 84. Nd1+ {[%emt 0:01:11]} Kc1 {[%emt 0:00:08]} 85. Ne3 {[%emt 0:00:03]} Kb2 {[%emt 0:00:03]} 86. Kd2 {[%emt 0:00:04]} Kb1 {[%emt 0:00:04]} 87. Nc4 {[%emt 0:00:42]} Ka1 {[%emt 0:00:22]} 88. Kc1 {[%emt 0:00:08]} Ka2 {[%emt 0:00:02]} 89. Kc2 {[%emt 0:00:04]} Ka1 {[%emt 0:00:03]} 90. Kb3 {[%emt 0:01:13]} Kb1 {[%emt 0:00:04]} 91. Nd3 {[%emt 0:00:03]} Ka1 {[%emt 0:00:04]} 92. Ne3 {[%emt 0:01:15]} Kb1 {[%emt 0:00:02]} 93. Nf1 {[%emt 0:00:03]} Ka1 {[%emt 0:00:11]} 94. Ne1 {[%emt 0:00:03]} Kb1 {[%emt 0:00:04]} 95. Nd2+ {[%emt 0:00:03]} Kc1 {[%emt 0:00:03]} 96. Nf1 {[%emt 0:00:45]} Kd1 {[%emt 0:00:20]} 97. Nf3 {[%emt 0:00:11]} Ke2 {[%emt 0:00:04]} 98. N3d2 {[%emt 0:00:04]} Kd3 {[%emt 0:00:05]} 99. Nf3 {[%emt 0:00:07]} Ke2 {[%emt 0:00:03]} 100. N3d2 {[%emt 0:00:12]} Kd3 {[%emt 0:00:04]} 101. Ne3 1/2-1/2